000 00406nam a2200169Ia 4500
008 230711s9999||||xx |||||||||||||| ||und||
020 _a978-81-775-8825-5
041 _aENG
082 _a658
_bGI-R
100 _aGilbert,David
245 0 _aRetail marketing management
250 _a2nd Ed.
260 _c2011
_aNew Delhi
_bPearson
300 _a457
650 _aUNIVESITY BUSNIESS SCHOOL
942 _cBK
999 _c5595
_d5595